000 00832na a2200277 4500
001 22438
003 MIRAKIL
005 20181213155032.0
008 170214b tu 000 0
035 _a20346
040 _aMilas
_btur
_cTR-AnCHP
041 _atur
082 _aCHP 324.2172
_bN27 [t.y.]
090 _aCHP 324.2172 N27 [t.y.]
245 _aNasıl
_bDosya Türk siyasi tarihinde CHP
246 _aDosya Türk siyasi tarihinde CHP
246 _aNasıl dergisi
260 _a[y.y.]
_b[Nasıl dergisi]
_c[t.y.]
300 _ayklş. 200 s.
_bres.
_c24 sm.
500 _aNasıl dergisinin CHP ile ilgili özel saysıdır.
610 _aCumhuriyet Halk Partisi (CHP)
_xTarih
650 _aSiyasal partiler
_xTarih
_zTürkiye
651 _aTürkiye
_xSiyasal tarih
_y1923-
657 _aCHP tarihi
942 _2ddc
_cBKS
999 _c5291
_d5291